Loading...
| Social Science | 1 | 8 | 2 | 1 | 85 | 50 | 89.44 | 7 | 9 |
| Philosophy | 1 | 7 | 2 | 0 | 75 | 69 | 95.63 | 6 | 8 |
| Literature - World Literature | 1 | 6 | 0 | 0 | 75 | 60 | 116.14 | 1 | 7 |
| Literature - British Literature | 2 | 2 | 0 | 0 | 50 | 52 | 82.25 | 0 | 4 |
| Beliefs | 1 | 5 | 4 | 1 | 45 | 67 | 107.67 | 2 | 6 |
| Literature - American Literature | 1 | 2 | 0 | 1 | 35 | 30 | 98.00 | 2 | 3 |
| Visual Arts | 0 | 3 | 0 | 2 | 30 | 90 | 119.33 | 1 | 3 |
| Literature - European Literature | 1 | 1 | 0 | 0 | 25 | 19 | 63.00 | 1 | 2 |
| Auditory Arts | 0 | 2 | 0 | 2 | 20 | 120 | 128.00 | 0 | 2 |
| History - Other History | 0 | 2 | 0 | 2 | 20 | 122 | 129.50 | 0 | 2 |
| History - European History | 0 | 2 | 1 | 1 | 15 | 69 | 93.50 | 0 | 2 |
| Geography | 0 | 1 | 0 | 0 | 10 | 71 | 71.00 | 1 | 1 |
| History - World History | 0 | 1 | 0 | 0 | 10 | 89 | 89.00 | 1 | 1 |
| Science - Biology | 0 | 1 | 0 | 0 | 10 | 87 | 87.00 | 1 | 1 |
| Science - Physics | 0 | 1 | 0 | 0 | 10 | 92 | 92.00 | 0 | 1 |
| Fine Arts - Other Arts | 0 | 1 | 0 | 0 | 10 | 115 | 115.00 | 0 | 1 |
| History - Ancient History | 0 | 1 | 1 | 1 | 5 | 131 | 131.00 | 0 | 1 |
| Science - Other Science | 0 | 0 | 1 | 0 | -5 | 0.00 | 0 | 0 |